000 00656nam a2200229 a 4500
001 BRL_361
005 20190320210714.0
008 050813s1981----mx-#######---#000-0#spa-#
020 _a9681312473
041 _aspa
044 _amx
050 4 _aHQ1214
_b.M85 1981
245 1 0 _aLa mujer y el desarrollo
_bLa mujer y la cultura : antología
_cNaranjo...[et al.] ; ensayos compilados por Carmen Naranjo.
260 _aMéxico
_bUnicef : SEP Diana
_c1981
300 _a197 p.
_c17 cm.
440 0 _aSepSetentas Diana
_v316
_923658
500 _aAu1112
650 1 4 _aMujeres
_923659
700 1 _aNaranjo, Carmen
_923660
902 _aGRL
942 _2lcc
_cB
999 _c9174
_d9174